000 00781cam a22002415a 4500
001 14987469
005 20160228131950.0
008 070830t2008 nyua fr 001 0 eng d
020 _a9780073511931 (alk. paper)
020 _a0073511935 (alk. paper)
040 _aDLC
_cDLC
_dDLC
_dEG-ScBUE
_beng
082 0 4 _a070.43
_222
_bMEN
100 1 _aMencher, Melvin.
_939454
245 1 0 _aMelvin Mencher's news reporting and writing /
_cMelvin Mencher.
250 _a11th ed.
260 _aNew York :
_bMcGraw-Hill / McGraw-Hill Companies,
_cc.2008.
300 _axx, 620 p. :
_bill. ;
_c23 cm.
500 _aIncludes indexes.
650 7 _aReporters and reporting.
_2BUEsh
_937383
650 7 _aJournalism
_xAuthorship.
_2BUEsh
_937384
653 _bCOMAME
_cFebruary2016
942 _2ddc
999 _c21268
_d21240